| 000 | 00564nam a2200145Ia 4500 | ||
|---|---|---|---|
| 008 | 140724s9999 xx 000 0 und d | ||
| 050 |
_aRT 48.6 _b.P438 2010 |
||
| 100 | _aPerez, Rosen Jeyssa. | ||
| 245 | 2 |
_aA community diagnosis of CAA-A, Las Piñas City Lanzones St, Camachile St, Santol St, Mangga St, Bayabas St, Avocado St, Rambotan St. / _cRosen Jeyssa Perez. |
|
| 260 |
_aLas Piñas, Philippines : _bSouthville International School and Colleges, _cc2010. |
||
| 300 |
_a174 p. : _bcol. Ill. ; _c28 cm. |
||
| 521 | _aNursing | ||
| 942 | _cTH | ||
| 999 |
_c229001 _d229001 |
||